[Event "died "]
[Site "SchemingMind.com"]
[Date "2024.06.07"]
[Round "-"]
[White "Kenny Elliott"]
[Black "Chesswitchery"]
[Result "1/2-1/2"]
[WhiteCountry "USA"]
[BlackCountry "USA"]
[WhiteElo "1448"]
[WhiteRD "68"]
[BlackElo "1643"]
[BlackRD "59"]
[GameID "745196"]

1. d4 d5 2. c4 e6 3. Nf3 c5 4. Nc3 Nc6 5. cxd5 exd5 6. e3 Nf6 7. Bb5 Bd7 8. Bxc6 Bxc6 9. Ne5 cxd4 10. exd4 Bb4
11. O-O O-O 12. Nxc6 bxc6 13. Bg5 h6 14. Bh4 Bxc3 15. bxc3 Qd6 16. Qf3 Ne4 17. Bg3 Nxg3 18. fxg3 c5 19. Rad1 c4 20. Rde1 Rab8
21. Re5 Rbd8 22. Rf5 f6 23. Qh5 Qe6 24. Qd1 Qe3+ 25. R5f2 Qxc3 26. Rc2 Qe3+ 27. Rff2 Qg5 28. Rc3 Qg6 29. Qc1 f5 30. Rf4 Rfe8
31. Re3 Rxe3 32. Qxe3 Re8 33. Qf3 Re1+ 34. Kf2 Qe6 35. Rxf5 Qe8 36. Qxd5+ Kh7 37. Qf3 Qe4 38. d5 Re2+ 39. Qxe2 Qxf5+ 40. Qf3 Qc2+
41. Qe2 Qf5+ 42. Qf3 Qc2+ 43. Qe2 Qf5+ 44. Qf3 Qc2+
1/2-1/2

[Event "died "]
[Site "SchemingMind.com"]
[Date "2024.06.07"]
[Round "-"]
[White "Chesswitchery"]
[Black "Kenny Elliott"]
[Result "1-0"]
[WhiteCountry "USA"]
[BlackCountry "USA"]
[WhiteElo "1643"]
[WhiteRD "59"]
[BlackElo "1448"]
[BlackRD "68"]
[GameID "745197"]

1. d4 d5 2. c4 c6 3. Nf3 Bg4 4. e3 Nf6 5. cxd5 cxd5 6. Bb5+ Nbd7 7. Nc3 a6 8. Ba4 b5 9. Bb3 e6 10. O-O Be7
11. h3 Bh5 12. Bd2 O-O 13. a3 Qb8 14. Re1 a5 15. Bc2 Bxf3 16. Qxf3 Bd6 17. e4 Bh2+ 18. Kh1 Bc7 19. exd5 exd5 20. Nxd5 Nxd5
21. Qxd5 Nf6 22. Qf3 a4 23. b3 axb3 24. Bxb3 Ba5 25. Bxa5 Rxa5 26. Qc3 Qa8 27. Qb2 Nh5 28. f3 Nf4 29. Bc2 Qd5 30. Re5 Qc4
31. Re4 g5 32. Bb3 Qc6 33. Re3 Qh6 34. Bxf7+ Kxf7 35. Qb3+ Kf6 36. Rae1 Ra6 37. Kh2 Rb6 38. d5 Qg7 39. Qc3+
1-0

[Event "died "]
[Site "SchemingMind.com"]
[Date "2024.06.10"]
[Round "-"]
[White "Derek Price"]
[Black "mmccaffe"]
[Result "1-0"]
[WhiteCountry "ENG"]
[BlackCountry "USA"]
[WhiteElo "2422"]
[WhiteRD "66"]
[BlackElo "1770"]
[BlackRD "68"]
[GameID "745198"]

1. c4 c5 2. Nf3 Nc6 3. Nc3 Nf6 4. g3 g6 5. Bg2 Bg7 6. O-O O-O 7. d4 cxd4 8. Nxd4 Nxd4 9. Qxd4 d6 10. Qd3 Rb8
11. Be3 b6 12. Bd4 Bb7 13. e4 Nd7 14. Bxg7 Kxg7 15. Rfd1 Nc5 16. Qe3 a6 17. e5 Bxg2 18. Kxg2
1-0

[Event "died "]
[Site "SchemingMind.com"]
[Date "2024.06.07"]
[Round "-"]
[White "mmccaffe"]
[Black "Derek Price"]
[Result "0-1"]
[WhiteCountry "USA"]
[BlackCountry "ENG"]
[WhiteElo "1770"]
[WhiteRD "68"]
[BlackElo "2422"]
[BlackRD "66"]
[GameID "745199"]

1. c4 e5 2. Nc3 Nf6 3. Nf3 Nc6 4. g3 Bb4 5. Nd5 e4 6. Nh4 O-O 7. Bg2 d6 8. Nxb4 Nxb4 9. a3 Nc6 10. d3 Re8
11. O-O h6 12. Qc2 g5
0-1

[Event "died "]
[Site "SchemingMind.com"]
[Date "2024.06.07"]
[Round "-"]
[White "Derek Price"]
[Black "MazetaFighter"]
[Result "1-0"]
[WhiteCountry "ENG"]
[BlackCountry "GRE"]
[WhiteElo "2450"]
[WhiteRD "65"]
[BlackElo "2101"]
[BlackRD "78"]
[GameID "745200"]

1. c4 c5 2. Nf3 Nf6 3. Nc3 Nc6 4. g3 d5 5. cxd5 Nxd5 6. Bg2 Nc7 7. O-O e5 8. a3 Rb8 9. Rb1 Be7 10. d3 O-O
11. Be3 Be6 12. Rc1 b6 13. b4 cxb4 14. axb4 Bxb4 15. Qa4 Bxc3 16. Rxc3 Ne7 17. Rc2 a5 18. Nxe5 Ncd5 19. Bd2 f6 20. Nf3 Qd7
21. Qxd7 Bxd7 22. e4 Nb4 23. Bxb4 axb4 24. Nd4 Rbc8 25. Rb1 Rc3 26. Bf1 Ba4 27. Rcb2
1-0

[Event "died "]
[Site "SchemingMind.com"]
[Date "2024.06.11"]
[Round "-"]
[White "MazetaFighter"]
[Black "Derek Price"]
[Result "0-1"]
[WhiteCountry "GRE"]
[BlackCountry "ENG"]
[WhiteElo "2101"]
[WhiteRD "78"]
[BlackElo "2450"]
[BlackRD "65"]
[GameID "745201"]

1. e4 c5 2. Nf3 d6 3. d4 cxd4 4. Nxd4 Nf6 5. Nc3 a6 6. Bc4 e6 7. Bb3 b5 8. O-O Be7 9. Qf3 Qb6 10. Be3 Qb7
11. Qg3 b4 12. Na4 O-O 13. f3 Nbd7 14. Rac1 Ne5 15. c4 bxc3 16. Rxc3 Bd8 17. Rd1 Bd7 18. Qf2 Ba5 19. Rc2 Rfc8 20. Rxc8+ Rxc8
21. g4 Nfxg4 22. fxg4 Nxg4 23. Qf3 Nxe3 24. Qxe3 e5
0-1

[Event "died "]
[Site "SchemingMind.com"]
[Date "2024.06.07"]
[Round "-"]
[White "Derek Price"]
[Black "Phillip Beckett"]
[Result "1-0"]
[WhiteCountry "ENG"]
[BlackCountry "ENG"]
[WhiteElo "2422"]
[WhiteRD "66"]
[BlackElo "1494"]
[BlackRD "52"]
[GameID "745202"]

1. c4 e5 2. Nc3 Nf6 3. Nf3 Nc6 4. g3 Bb4 5. Bg2 d6 6. O-O Bxc3 7. bxc3 O-O 8. d3 Bg4 9. h3 Be6 10. e4 h6
11. a4 Ne7 12. Kh2 Nh7 13. c5 Ng6 14. cxd6 Qxd6 15. d4 exd4 16. Ba3 c5 17. cxd4 Rfd8 18. Bxc5 Qd7 19. d5 Bxd5 20. exd5 Qxd5
21. Qxd5 Rxd5 22. Be3 Rd7 23. Rfd1 Re7 24. Rac1 Rae8 25. Nd2 Ng5 26. h4 Ne6 27. Nf3 Kh7 28. Bf1 Nef8 29. Bc5 Re6 30. Bb5 Rc8
31. Bxa7 Rxc1 32. Rxc1 Rf6 33. Kg2 Ne6 34. Bd3 Nf4+ 35. gxf4 Kg8 36. Rc8+ Kh7 37. h5
1-0

[Event "died "]
[Site "SchemingMind.com"]
[Date "2024.06.07"]
[Round "-"]
[White "Phillip Beckett"]
[Black "Derek Price"]
[Result "0-1"]
[WhiteCountry "ENG"]
[BlackCountry "ENG"]
[WhiteElo "1494"]
[WhiteRD "52"]
[BlackElo "2422"]
[BlackRD "66"]
[GameID "745203"]

1. e4 c5 2. Nf3 d6 3. d4 cxd4 4. Nxd4 Nf6 5. Nc3 a6 6. Bg5 e6 7. f4 Be7 8. Qf3 h6 9. Bh4 Qc7 10. O-O-O Nbd7
11. Bf2 b5 12. Bd3 Nc5 13. Rhe1 Nxd3+ 14. Qxd3 b4 15. Na4 Bd7 16. b3 Bxa4 17. bxa4 O-O 18. Nb3 d5 19. Kb2 Nxe4 20. Rxe4 dxe4
21. Qxe4 Bf6+ 22. Kb1 Rfd8 23. Rxd8+ Rxd8 24. Kc1 Qc3
0-1

[Event "died "]
[Site "SchemingMind.com"]
[Date "2024.06.11"]
[Round "-"]
[White "Derek Price"]
[Black "dpickin"]
[Result "1-0"]
[WhiteCountry "ENG"]
[BlackCountry "ENG"]
[WhiteElo "2422"]
[WhiteRD "66"]
[BlackElo "1671"]
[BlackRD "62"]
[GameID "745204"]

1. c4 Nf6 2. g3 e6 3. Bg2 d5 4. Nf3 Bd7 5. b3 Bc5 6. O-O dxc4 7. bxc4 O-O 8. d4 Be7 9. Nc3 c6 10. Rb1 h6
11. Rxb7 Qa5 12. Rb3 Bb4 13. Nb1 c5 14. Ne5 Ba4 15. Bxa8 Bxb3 16. axb3 cxd4 17. Qxd4 Bc5 18. Qb2 Na6 19. Bf3 Rd8 20. Nc6
1-0

[Event "died "]
[Site "SchemingMind.com"]
[Date "2024.06.11"]
[Round "-"]
[White "dpickin"]
[Black "Derek Price"]
[Result "0-1"]
[WhiteCountry "ENG"]
[BlackCountry "ENG"]
[WhiteElo "1654"]
[WhiteRD "66"]
[BlackElo "2450"]
[BlackRD "65"]
[GameID "745205"]

1. d4 d5 2. c4 c6 3. Bf4 Nf6 4. Bxb8 Rxb8 5. Nc3 dxc4 6. e3 b5 7. Nf3 e6 8. Ne5 Qc7 9. Qf3 Nd5 10. Be2 Bd6
11. Qg3 O-O 12. a3 Nxc3 13. bxc3 f6 14. f4 fxe5 15. dxe5 Bc5 16. h4 Qa5 17. Kd2 Rb7 18. h5 Rd7+ 19. Kc2 Qa4+ 20. Kc1 Bxa3+
0-1

[Event "died "]
[Site "SchemingMind.com"]
[Date "2024.06.07"]
[Round "-"]
[White "Derek Price"]
[Black "JAHI"]
[Result "*"]
[WhiteCountry "ENG"]
[BlackCountry "INT"]
[WhiteElo "2440"]
[WhiteRD "66"]
[BlackElo "2199"]
[BlackRD "87"]
[GameID "745206"]

1. c4 d6 2. d4 g6 3. Nc3 Bg7 4. Nf3 Kf8 5. e3 Bg4 6. h3 Bxf3 7. Qxf3 Nc6 8. Bd2 h6 9. Be2 Nf6 10. O-O Kg8
11. a3 Qd7 12. b4 Rf8 13. Rad1 h5 14. b5 Nd8 15. a4 c6 16. a5 cxb5 17. cxb5 Ne6 18. Bd3 d5 19. Qe2 Kh7 20. f4 Bh6
21. Ra1 Rc8 22. Rfb1 Qd6 23. b6 a6 24. Ra2 Rc6 25. Rab2 Rcc8 26. Bxa6 bxa6 27. b7 Rxc3 28. Bxc3 Nd7 29. Rc1 Nb8 30. Be1 Qd7
31. Qc2 Re8 32. Rb4 Ng7 33. Qc7 Qxc7 34. Rxc7 g5 35. Rc8 gxf4 36. e4 e6 37. e5 Kg6 38. Rb2 f6 39. exf6 Kxf6 40. Rbc2 f3
41. Rxe8 Be3+ 42. Bf2 Nxe8 43. Rc8 Nd6 44. Rxb8 Nxb7 45. Rxb7 Bd2 46. Bh4+ Kg6 47. Rb6 Bxa5 48. Rxe6+ Kf7 49. Rxa6 Bc3 50. Bf2 fxg2
51. Kxg2 Ke7 52. Kg3 Kd7 53. Kh4 Ke7 54. Kxh5 Kd7 55. Kg4 Bd2 56. Kf5 Kc7 57. Ke5 Kb7 58. Rg6 Ba5 59. Kxd5 Bb4 60. h4 Bf8
61. h5 Kc7
*

[Event "died "]
[Site "SchemingMind.com"]
[Date "2024.06.07"]
[Round "-"]
[White "JAHI"]
[Black "Derek Price"]
[Result "*"]
[WhiteCountry "INT"]
[BlackCountry "ENG"]
[WhiteElo "2199"]
[WhiteRD "87"]
[BlackElo "2440"]
[BlackRD "66"]
[GameID "745207"]

1. c3 Nf6 2. c4 e6 3. Nc3 c5 4. d3 Nc6 5. Bg5 Be7 6. e3 h6 7. Bxf6 Bxf6 8. Rc1 O-O 9. a3 d5 10. g3 Qa5
11. cxd5 exd5 12. Qd2 Rd8 13. Bh3 Bxh3 14. Nxh3 Ne5 15. Kf1 d4 16. Ne4 Qxd2 17. Nxd2 Nxd3 18. Rc2 dxe3 19. fxe3 Bxb2 20. a4 Bf6
21. Ke2 b6 22. Ne4 Be5 23. Nf4 Nb4 24. Rd2 Rac8 25. Nd3 Nxd3 26. Rxd3 Rxd3 27. Kxd3 f5 28. Nd2 Kf7 29. Kc4 Rd8 30. Nf3 Bf6
31. Rb1 Rd6 32. a5 Ke6 33. h3 h5 34. Rf1 Kd7 35. axb6 axb6 36. Kb5 Kc7 37. Nh4 Bxh4 38. gxh4 g6 39. Ra1 Kb7 40. Ra2 Rd3
41. Re2 Rd6 42. Ra2 Re6 43. Ra6 c4 44. Ra3 Rc6 45. Rc3 Rc5+ 46. Ka4 Kc6 47. Ka3 Kb5 48. Kb2 Kb4 49. Rc1 Re5 50. Re1 b5
51. Kc2 Kc5 52. Ra1 Rxe3 53. Kd1 Rxh3 54. Ra5 Rxh4 55. Ke2 Kb4 56. Ra6 Rg4 57. Ra1 c3 58. Kd3 Rg3+ 59. Kc2 Kc4 60. Rf1 Rg2+
61. Kd1 Kb3 62. Kc1
*

[Event "died "]
[Site "SchemingMind.com"]
[Date "2024.06.08"]
[Round "-"]
[White "Derek Price"]
[Black "eliecercruzr"]
[Result "1/2-1/2"]
[WhiteCountry "ENG"]
[BlackCountry "CUB"]
[WhiteElo "2450"]
[WhiteRD "65"]
[BlackElo "2438"]
[BlackRD "58"]
[GameID "745208"]

1. c4 e6 2. g3 d5 3. Bg2 d4 4. Nf3 c5 5. O-O Nf6 6. e3 Nc6 7. exd4 cxd4 8. d3 Bd6 9. Nbd2 h6 10. a3 a5
11. Ne1 O-O 12. Ne4 Nxe4 13. Bxe4 Qe7 14. Bg2 Ra6 15. Nc2 a4 16. Bd2 Bd7 17. Rb1 Rb6 18. Na1 Ra8 19. f4 Na5 20. Be1 Bc6
21. Nc2 Bxg2 22. Kxg2 Nc6 23. Bf2 Bc5 24. Re1 f6 25. Qe2 Re8 26. Qf3 Qd7 27. Qe4 Re7 28. Re2 f5 29. Qf3 g5 30. fxg5 hxg5
31. g4 Rf7 32. gxf5 exf5 33. Qd5 Qxd5+ 34. cxd5 Ne7 35. Bxd4 Bxd4 36. Nxd4 Nxd5 37. Re5 Nf4+ 38. Kg3 Nh5+ 39. Kh3 Nf4+ 40. Kg3=
1/2-1/2

[Event "died "]
[Site "SchemingMind.com"]
[Date "2024.06.07"]
[Round "-"]
[White "eliecercruzr"]
[Black "Derek Price"]
[Result "1/2-1/2"]
[WhiteCountry "CUB"]
[BlackCountry "ENG"]
[WhiteElo "2438"]
[WhiteRD "58"]
[BlackElo "2450"]
[BlackRD "65"]
[GameID "745209"]

1. d4 d5 2. c4 c6 3. Nf3 Nf6 4. e3 e6 5. b3 Nbd7 6. Bb2 Bd6 7. Bd3 O-O 8. O-O Ne4 9. Nc3 f5 10. Ne2 a5
11. Rc1 Qf6 12. Nf4 Ng5 13. Ne5 Nf7 14. Nh5 Qe7 15. f4 g6 16. Ng3 Nf6 17. Ne2 Ne4 18. Bxe4 fxe4 19. h3 Bd7 20. a4 Be8
21. Qd2 Qd8 22. Rc2 Bb4 23. Qc1 Nxe5 24. dxe5 c5 25. Bc3 b6 26. Rd2 Bc6 27. Rfd1 Rc8 28. cxd5 Bxd5 29. Kh2 Qd7 30. Qc2 Qb7=
1/2-1/2

[Event "died "]
[Site "SchemingMind.com"]
[Date "2024.06.07"]
[Round "-"]
[White "Derek Price"]
[Black "Chesswitchery"]
[Result "1-0"]
[WhiteCountry "ENG"]
[BlackCountry "USA"]
[WhiteElo "2422"]
[WhiteRD "66"]
[BlackElo "1640"]
[BlackRD "57"]
[GameID "745210"]

1. c4 e5 2. Nc3 Nf6 3. Nf3 Nc6 4. g3 d5 5. cxd5 Nxd5 6. Bg2 Nxc3 7. bxc3 e4 8. Ng1 f5 9. Nh3 Be7 10. O-O O-O
11. d3 exd3 12. exd3 h6 13. d4 Na5 14. Nf4 c6 15. Rb1 Re8 16. d5 Bf6 17. c4 Nxc4 18. dxc6 Qxd1 19. Rxd1 Be6 20. Nxe6 Rxe6
21. cxb7 Rb8 22. Bd5
1-0

[Event "died "]
[Site "SchemingMind.com"]
[Date "2024.06.07"]
[Round "-"]
[White "Chesswitchery"]
[Black "Derek Price"]
[Result "0-1"]
[WhiteCountry "USA"]
[BlackCountry "ENG"]
[WhiteElo "1643"]
[WhiteRD "59"]
[BlackElo "2412"]
[BlackRD "81"]
[GameID "745211"]

1. d4 d5 2. c4 c6 3. Nf3 Nf6 4. Nc3 e6 5. e3 Nbd7 6. cxd5 exd5 7. Bd3 Bd6 8. h3 O-O 9. O-O Re8 10. Bd2 Ne4
11. Rc1 Nb6 12. a3 Bf5 13. Qe2 Bg6 14. Rfe1 Bh5 15. Rcd1 Ng5 16. Bf5 Nxf3+ 17. gxf3 Qf6 18. Bg4 Bg6 19. Kg2 h5 20. Rg1 hxg4
21. fxg4 Nc4
0-1

[Event "died "]
[Site "SchemingMind.com"]
[Date "2024.06.06"]
[Round "-"]
[White "mmccaffe"]
[Black "MazetaFighter"]
[Result "0-1"]
[WhiteCountry "USA"]
[BlackCountry "GRE"]
[WhiteElo "1770"]
[WhiteRD "68"]
[BlackElo "2097"]
[BlackRD "79"]
[GameID "745212"]

1. c4 e6 2. Nf3 d5 3. g3 dxc4 4. Bg2 a6 5. O-O Nf6 6. Qc2 c5 7. Ne5 Be7 8. d3 cxd3 9. Nxd3 Nbd7 10. Be3 Nd5
11. Bxd5 exd5 12. Nxc5 O-O
0-1

[Event "died "]
[Site "SchemingMind.com"]
[Date "2024.06.11"]
[Round "-"]
[White "MazetaFighter"]
[Black "mmccaffe"]
[Result "1-0"]
[WhiteCountry "GRE"]
[BlackCountry "USA"]
[WhiteElo "2097"]
[WhiteRD "79"]
[BlackElo "1770"]
[BlackRD "68"]
[GameID "745213"]

1. e4 e5 2. Nf3 Nc6 3. Bb5 a6 4. Ba4 Nf6 5. O-O Be7 6. Re1 b5 7. Bb3 O-O 8. c3 d6 9. h3 Nb8 10. d4 Nbd7
11. Nbd2 Bb7 12. Bc2 Re8 13. Nf1 Bf8 14. Ng3 g6 15. a4 c5 16. d5 c4 17. Bg5 Nc5 18. Qd2 Be7 19. Be3 Nfd7 20. Rf1 Qc7
21. Nh2 h5 22. f4 exf4 23. Bxf4 Bf6 24. Rae1 Ne5 25. Bxe5 Bxe5 26. Re3 Kg7 27. Ref3 Rf8 28. Nxh5+ gxh5 29. Qg5+ Kh7 30. Rf6 Bxf6
31. Rxf6 Kh8 32. Rh6#
1-0

[Event "died "]
[Site "SchemingMind.com"]
[Date "2024.06.06"]
[Round "-"]
[White "mmccaffe"]
[Black "Phillip Beckett"]
[Result "1-0"]
[WhiteCountry "USA"]
[BlackCountry "ENG"]
[WhiteElo "1828"]
[WhiteRD "71"]
[BlackElo "1472"]
[BlackRD "55"]
[GameID "745214"]

1. c4 e5 2. Nc3 Nf6 3. Nf3 Nc6 4. g3 d5 5. cxd5 Nxd5 6. Bg2 Be6 7. O-O f6 8. Qb3 Qd7 9. Qxb7 Rb8 10. Qa6 Rb6
11. Qa4 Rb4 12. Qc2 Be7 13. a3 Rb8 14. b4 O-O 15. Bb2 Nxc3 16. Qxc3 Rfd8 17. d3 Nd4 18. Nxd4 exd4 19. Qc2 Bd5 20. Bxd5+ Qxd5
21. Qxc7 Bd6 22. Qc4 Qxc4 23. dxc4 Be5 24. f4 Bc7 25. Rfd1 a5 26. b5 d3 27. exd3 Bb6+ 28. d4 Rd7 29. c5 Bc7 30. b6 Bxb6
31. cxb6 Rxb6 32. Rab1 Rdb7 33. Rd2 Rb3 34. Kf1 Rxa3 35. Ke1 Rab3 36. Kd1 a4 37. Kc1 a3 38. d5 axb2+ 39. Rbxb2 Rxb2 40. Rxb2 Rc7+
41. Rc2 Rd7 42. Rd2 Kf7 43. Kc2 Ke7 44. Kc3 Kd6 45. Kd4 Ke7 46. Re2+ Kd8 47. Re6 Kc7 48. Kc5 Kd8 49. Rd6 Kc7 50. Rxd7+ Kxd7
51. f5 Kc7 52. d6+ Kd7 53. Kd5 g5 54. g4 h6 55. h3 Ke8 56. Ke6
1-0

[Event "died "]
[Site "SchemingMind.com"]
[Date "2024.06.06"]
[Round "-"]
[White "Phillip Beckett"]
[Black "mmccaffe"]
[Result "0-1"]
[WhiteCountry "ENG"]
[BlackCountry "USA"]
[WhiteElo "1472"]
[WhiteRD "55"]
[BlackElo "1828"]
[BlackRD "71"]
[GameID "745215"]

1. e4 e5 2. Nf3 Nc6 3. d4 exd4 4. Nxd4 Nf6 5. Nc3 Bb4 6. Nxc6 bxc6 7. Bd3 O-O 8. Bd2 d5 9. exd5 cxd5 10. O-O Bg4
11. Be2 Bxe2 12. Qxe2 Re8 13. Qd3 c6 14. Rfe1 Qd6 15. Rxe8+ Rxe8 16. Re1 Rxe1+ 17. Bxe1 Qe5 18. g3 Qxe1+ 19. Kg2 Bxc3 20. bxc3 Ne4
21. f3 Qd2+
0-1

[Event "died "]
[Site "SchemingMind.com"]
[Date "2024.06.11"]
[Round "-"]
[White "mmccaffe"]
[Black "dpickin"]
[Result "1/2-1/2"]
[WhiteCountry "USA"]
[BlackCountry "ENG"]
[WhiteElo "1770"]
[WhiteRD "68"]
[BlackElo "1671"]
[BlackRD "62"]
[GameID "745216"]

1. c4 e6 2. d4 Nf6 3. Nf3 Be7 4. g3 O-O 5. Bg2 d5 6. O-O dxc4 7. Qc2 b5 8. a4 Bd7 9. Ne5 c6 10. axb5 Qb6
11. Nxd7 Nbxd7 12. bxc6 Nb8 13. c7 Nc6 14. Qxc4 Nd5 15. Ra6 Qxc7 16. Rxc6 Qd7 17. Bf4 Rac8 18. Rc1 Nb6 19. Qc3 Nd5 20. Qc4 Nb6
21. Qc3=
1/2-1/2

[Event "died "]
[Site "SchemingMind.com"]
[Date "2024.06.11"]
[Round "-"]
[White "dpickin"]
[Black "mmccaffe"]
[Result "0-1"]
[WhiteCountry "ENG"]
[BlackCountry "USA"]
[WhiteElo "1671"]
[WhiteRD "62"]
[BlackElo "1770"]
[BlackRD "68"]
[GameID "745217"]

1. d4 d5 2. c4 e6 3. e3 Nf6 4. Nf3 Be7 5. Bd3 c6 6. O-O Nbd7 7. a3 dxc4 8. Bxc4 b5 9. Be2 Bb7 10. b4 a5
11. Bd2 axb4 12. Qb3 bxa3 13. Nxa3 O-O 14. h3 Qb6 15. Bb4 Bxb4 16. Qxb4 Ra4 17. Qd6 Rfa8 18. Ne5 Nxe5 19. dxe5 Nd5 20. Nc4 Qc7
21. Rxa4 Rxa4 22. Nb2 Ra2 23. Nd3 Rxe2 24. Nf4 Qxd6 25. exd6 Ra2 26. Nd3 Bc8 27. e4 Nb6 28. e5 h6 29. Nb4 Re2 30. Nxc6 Bd7
31. Nb8 Rxe5
0-1

[Event "died "]
[Site "SchemingMind.com"]
[Date "2024.06.06"]
[Round "-"]
[White "mmccaffe"]
[Black "JAHI"]
[Result "0-1"]
[WhiteCountry "USA"]
[BlackCountry "INT"]
[WhiteElo "1770"]
[WhiteRD "68"]
[BlackElo "2190"]
[BlackRD "77"]
[GameID "745218"]

1. c4 d6 2. Nc3 g6 3. d4 Bg7 4. g3 Kf8 5. Bg2 h6 6. Nf3 h5 7. h3 h4 8. g4 f6 9. O-O f5 10. gxf5 gxf5
11. Bg5 Nc6 12. Nxh4 Rh5 13. f4 Bxd4+ 14. Kh2 Bf6 15. Nd5 Bxg5 16. fxg5 Rxh4 17. e4 e6
0-1

[Event "died "]
[Site "SchemingMind.com"]
[Date "2024.06.11"]
[Round "-"]
[White "JAHI"]
[Black "mmccaffe"]
[Result "1-0"]
[WhiteCountry "INT"]
[BlackCountry "USA"]
[WhiteElo "2194"]
[WhiteRD "82"]
[BlackElo "1667"]
[BlackRD "67"]
[GameID "745219"]

1. c3 d5 2. g3 c6 3. Bh3 Nf6 4. Bxc8 Qxc8 5. h3 g6 6. h4 Bg7 7. h5 Nxh5 8. Rxh5 gxh5 9. d3 Nd7 10. Bg5 Bf6
11. Bxf6 Nxf6 12. Nf3 Qf5 13. Nbd2 O-O-O 14. Qa4 Kb8 15. Qf4+ Qxf4 16. gxf4 Nd7 17. e3 f6 18. Ke2 Rdg8 19. Rh1
1-0

[Event "died "]
[Site "SchemingMind.com"]
[Date "2024.06.06"]
[Round "-"]
[White "mmccaffe"]
[Black "eliecercruzr"]
[Result "0-1"]
[WhiteCountry "USA"]
[BlackCountry "CUB"]
[WhiteElo "1770"]
[WhiteRD "68"]
[BlackElo "2414"]
[BlackRD "59"]
[GameID "745220"]

1. c4 e5 2. Nc3 Nf6 3. Nf3 Nc6 4. g3 Bb4 5. Nd5 e4 6. Nh4 O-O 7. Bg2 d6 8. Nxb4 Nxb4 9. a3 Nc6 10. d3 exd3
11. Qxd3 Be6 12. b3 d5 13. cxd5 Bxd5 14. Bxd5 Qxd5 15. Qxd5 Nxd5 16. Bb2 Rad8 17. O-O Rfe8 18. e3 Na5 19. b4 Nc4 20. Bd4 Nd2
21. Rfd1 Nb3 22. Rab1 Nxd4 23. Rxd4 Nc3 24. Rb2 Ne2+
0-1

[Event "died "]
[Site "SchemingMind.com"]
[Date "2024.06.07"]
[Round "-"]
[White "eliecercruzr"]
[Black "mmccaffe"]
[Result "1-0"]
[WhiteCountry "CUB"]
[BlackCountry "USA"]
[WhiteElo "2414"]
[WhiteRD "59"]
[BlackElo "1770"]
[BlackRD "68"]
[GameID "745221"]

1. e4 e5 2. Nf3 Nc6 3. d4 exd4 4. Nxd4 Nf6 5. Nxc6 bxc6 6. Bd3 d5 7. exd5 cxd5 8. O-O Be7 9. c4 O-O 10. cxd5 Nxd5
11. Qf3 Be6 12. Rd1 Qd7 13. Nc3 c6 14. h3 Rab8 15. b3 g6 16. Bc4 Rfd8 17. Bb2 a5 18. Rac1 Qb7 19. Ne4 a4 20. Bxd5 cxd5
21. Qc3
1-0

[Event "died "]
[Site "SchemingMind.com"]
[Date "2024.06.07"]
[Round "-"]
[White "mmccaffe"]
[Black "Chesswitchery"]
[Result "1-0"]
[WhiteCountry "USA"]
[BlackCountry "USA"]
[WhiteElo "1828"]
[WhiteRD "71"]
[BlackElo "1618"]
[BlackRD "64"]
[GameID "745222"]

1. c4 e5 2. Nc3 Nf6 3. Nf3 Nc6 4. g3 Bb4 5. Nd5 Nxd5 6. cxd5 e4 7. Nh4 Ne7 8. Qb3 a5 9. a3 Bd6 10. Bg2 O-O
11. Bxe4 f5 12. Bf3 b6 13. d3 Bb7 14. O-O a4 15. Qc2 Bxd5 16. Bxd5+ Nxd5 17. Qc4 c6 18. e4 b5 19. Qa2 fxe4 20. dxe4 Qf6
21. exd5 Qf7 22. dxc6 Qxa2 23. Rxa2 dxc6 24. Be3 Be7 25. Ng2 c5 26. Raa1 h6 27. Rac1 Rac8 28. Rfd1 c4 29. Rd7 Rfe8 30. Rcd1 c3
31. bxc3 Rxc3 32. Nf4 Kh7 33. Nd5 Rxa3 34. Nxe7 Rb3 35. Nf5 Rg8 36. Ra7 a3 37. Rdd7 Rb1+ 38. Kg2 Rb3 39. Nxh6
1-0

[Event "died "]
[Site "SchemingMind.com"]
[Date "2024.06.06"]
[Round "-"]
[White "Chesswitchery"]
[Black "mmccaffe"]
[Result "0-1"]
[WhiteCountry "USA"]
[BlackCountry "USA"]
[WhiteElo "1643"]
[WhiteRD "59"]
[BlackElo "1818"]
[BlackRD "73"]
[GameID "745223"]

1. d4 d5 2. c4 e6 3. e3 Nf6 4. Bd2 Be7 5. Nc3 O-O 6. Nf3 Nbd7 7. cxd5 exd5 8. Bd3 c6 9. O-O Re8 10. Rc1 Nf8
11. e4 dxe4 12. Nxe4 Bg4 13. Be3 Qd5 14. Nxf6+ Bxf6 15. Bc4 Bxf3 16. Bxd5 Bxd1 17. Bxf7+ Kxf7 18. Rfxd1 Red8 19. b4 Rac8 20. a4 Rd5
21. b5 Ne6 22. bxc6 bxc6 23. f4 Nxd4 24. Bxd4 Bxd4+ 25. Kh1 c5 26. Rc4 Rb8 27. g3 Rbd8 28. Kg2 Ke6 29. Re1+ Kf7 30. g4 g6
31. h3 Re8 32. Rd1 Re2+ 33. Kf3 Re3+ 34. Kg2 Rd7 35. Rxc5 Re2+ 36. Kf3 Rf2+ 37. Kg3 Bxc5 38. Rxd7+ Kg8 39. Rd8+ Kg7 40. Rd7+ Kf6
41. g5+ Kf5 42. Rd5+ Ke4 43. Rxc5 Rf3+ 44. Kg2 Rxf4 45. Rc4+ Kf5 46. Rc5+ Ke6 47. a5 Rf5 48. Rxf5 Kxf5 49. Kg3 Kxg5 50. a6 Kf5
51. h4 h6 52. Kf3 g5 53. h5 g4+ 54. Kg3 Kg5
0-1

[Event "died "]
[Site "SchemingMind.com"]
[Date "2024.06.11"]
[Round "-"]
[White "MazetaFighter"]
[Black "Phillip Beckett"]
[Result "1-0"]
[WhiteCountry "GRE"]
[BlackCountry "ENG"]
[WhiteElo "2103"]
[WhiteRD "77"]
[BlackElo "1529"]
[BlackRD "51"]
[GameID "745224"]

1. e4 e5 2. Nf3 Nc6 3. d4 exd4 4. Nxd4 Bc5 5. Be3 Qf6 6. c3 Nge7 7. Bc4 Nxd4 8. cxd4 Bb4+ 9. Nc3 c6 10. O-O d5
11. e5 Qg6 12. Be2 Bh3 13. Bf3 Nf5 14. Ne2 Nh4 15. Nf4 Nxf3+ 16. Qxf3 Bg4 17. Nxg6 Bxf3 18. Nxh8 Be4 19. a3 Be7 20. f3 Kf8
21. fxe4 Kg8 22. Nxf7 Rf8 23. Nd6 Bxd6 24. exd6 dxe4 25. Rxf8+ Kxf8 26. Rf1+
1-0

[Event "died "]
[Site "SchemingMind.com"]
[Date "2024.06.06"]
[Round "-"]
[White "Phillip Beckett"]
[Black "MazetaFighter"]
[Result "0-1"]
[WhiteCountry "ENG"]
[BlackCountry "GRE"]
[WhiteElo "1472"]
[WhiteRD "55"]
[BlackElo "2108"]
[BlackRD "79"]
[GameID "745225"]

1. e4 e5 2. Nf3 Nc6 3. d4 exd4 4. Nxd4 Nf6 5. Nc3 Bb4 6. Nxc6 bxc6 7. Bd3 d5 8. exd5 cxd5 9. Bd2 O-O 10. O-O Bg4
11. f3 Bc5+ 12. Kh1 Bh5 13. Re1 c6 14. Na4 Bd6 15. c4 Qc7 16. cxd5 Nxd5 17. g3 Bxg3 18. Rg1 Bxh2 19. Rg2 Bf4 20. Bxf4 Qxf4
21. Rf2 Rad8 22. Qd2 Qxd2 23. Rxd2 Bxf3+ 24. Kg1 Nf4 25. Nc5 Nxd3 26. Rxd3 Rxd3 27. Nxd3 Rd8 28. Ne5 Bd5 29. Rc1 Rd6 30. Rd1 f6
31. Ng4 h5 32. Ne3 Kf7 33. Nxd5 cxd5 34. Kg2 d4
0-1

[Event "died "]
[Site "SchemingMind.com"]
[Date "2024.06.11"]
[Round "-"]
[White "MazetaFighter"]
[Black "dpickin"]
[Result "1-0"]
[WhiteCountry "GRE"]
[BlackCountry "ENG"]
[WhiteElo "2103"]
[WhiteRD "77"]
[BlackElo "1662"]
[BlackRD "64"]
[GameID "745226"]

1. e4 e5 2. Nf3 Nf6 3. Nxe5 Bd6 4. Nc4 Nxe4 5. d3 Nxf2 6. Qe2+ Qe7 7. Nxd6+ cxd6 8. Kxf2 Qxe2+ 9. Bxe2 O-O 10. Nc3 Nc6
11. Bf4 Nb4 12. Bxd6 Nxc2 13. Rac1 Nd4 14. Bxf8
1-0